[Event "DVM U10 2023"]
[Site "Magdeburg GER"]
[Date "2023.12.29"]
[Round "6"]
[White "Vlad, Mark"]
[Black "Tomovski, Leon"]
[Result "0-1"]
[Termination "normal"]
[Board "3.3"]
[WhiteElo "1015"]
[BlackElo "1066"]
[WhiteClock "00:04:32"]
[BlackClock "00:36:43"]
[WhiteTeam "SF Heidelberg"]
[BlackTeam "Karlsruher SF 1853"]
[PlyCount "118"]
[WhiteFideId "34663258"]
[BlackFideId "34691790"]
[EventCountry "GER"]
[EventRounds "7"]
[EventType "team-swiss"]
[EventDate "2023.12.27"]

1. e4 {[%clk 00:55:02]} {[%emt 00:00:08]} e5 {[%clk 00:55:06]} {[%emt
00:00:05]} 2. Nf3 {[%clk 00:55:03]} {[%emt 00:00:04]} Nc6 {[%clk 00:55:06]}
{[%emt 00:00:05]} 3. Bc4 {[%clk 00:55:04]} {[%emt 00:00:04]} Nf6 {[%clk
00:55:05]} {[%emt 00:00:06]} 4. Ng5 {[%clk 00:55:02]} {[%emt 00:00:07]} d5
{[%clk 00:55:02]} {[%emt 00:00:08]} 5. exd5 {[%emt 00:00:15]} Nxd5 {[%clk
00:54:55]} {[%emt 00:00:03]} 6. Nxf7 {[%clk 00:54:56]} {[%emt 00:00:09]} Qf6
{[%clk 00:53:22]} {[%emt 00:01:39]} 7. Nxh8 {[%clk 00:53:51]} Bc5 {[%clk
00:53:13]} {[%emt 00:01:24]} 8. O-O {[%clk 00:53:42]} Nf4 {[%clk 00:53:03]}
{[%emt 00:00:28]} 9. d3 {[%clk 00:53:05]} {[%emt 00:00:43]} Be6 {[%clk
00:52:51]} {[%emt 00:00:17]} 10. Nc3 {[%clk 00:52:30]} {[%emt 00:00:40]} O-O-O
{[%clk 00:52:43]} {[%emt 00:00:12]} 11. Bxe6+ {[%clk 00:51:58]} {[%emt
00:00:37]} Qxe6 {[%clk 00:52:37]} {[%emt 00:00:12]} 12. Ne4 {[%clk 00:51:03]}
{[%emt 00:01:00]} Bb6 {[%clk 00:51:20]} {[%emt 00:01:23]} 13. Be3 {[%clk
00:50:26]} {[%emt 00:00:42]} Rxh8 {[%clk 00:50:57]} {[%emt 00:00:27]} 14. Qf3
{[%clk 00:49:50]} {[%emt 00:00:40]} Rf8 {[%clk 00:50:36]} {[%emt 00:00:26]} 15.
Qd1 {[%clk 00:48:22]} {[%emt 00:01:33]} Qg6 {[%clk 00:50:14]} {[%emt 00:00:27]}
16. Bxf4 {[%clk 00:45:59]} {[%emt 00:02:28]} Rxf4 {[%clk 00:50:07]} {[%emt
00:00:14]} 17. Ng3 {[%clk 00:42:43]} {[%emt 00:03:17]} Nd4 {[%clk 00:49:10]}
{[%emt 00:01:05]} 18. Ne2 {[%clk 00:41:26]} {[%emt 00:01:22]} Nf3+ {[%clk
00:48:12]} {[%emt 00:01:03]} 19. Kh1 {[%clk 00:41:05]} {[%emt 00:00:25]} Qh5
{[%clk 00:47:14]} {[%emt 00:01:03]} 20. gxf3 {[%clk 00:40:05]} {[%emt
00:01:06]} Qxf3+ {[%clk 00:47:05]} {[%emt 00:00:14]} 21. Kg1 {[%clk 00:39:15]}
{[%emt 00:00:54]} Bxf2+ {[%clk 00:46:55]} {[%emt 00:00:16]} 22. Rxf2 {[%clk
00:37:35]} {[%emt 00:01:46]} Qxf2+ {[%clk 00:46:51]} {[%emt 00:00:09]} 23. Kh1
{[%clk 00:37:05]} {[%emt 00:00:35]} Rh4 {[%clk 00:45:43]} {[%emt 00:01:13]} 24.
Qg1 {[%clk 00:35:31]} {[%emt 00:01:38]} Qxe2 {[%clk 00:45:38]} {[%emt
00:00:10]} 25. Qg2 {[%clk 00:35:18]} {[%emt 00:00:19]} Qxg2+ {[%clk 00:44:58]}
{[%emt 00:00:44]} 26. Kxg2 {[%clk 00:34:58]} {[%emt 00:00:25]} Kd7 {[%clk
00:44:18]} {[%emt 00:00:45]} 27. Re1 {[%clk 00:34:48]} {[%emt 00:00:15]} Kd6
{[%clk 00:44:07]} {[%emt 00:00:16]} 28. Kg3 {[%clk 00:34:33]} {[%emt 00:00:20]}
g5 {[%clk 00:44:02]} {[%emt 00:00:10]} 29. Rf1 {[%clk 00:34:20]} {[%emt
00:00:18]} Rf4 {[%clk 00:43:54]} {[%emt 00:00:14]} 30. Rg1 {[%clk 00:32:13]}
{[%emt 00:02:11]} Kd5 {[%clk 00:43:31]} {[%emt 00:00:28]} 31. Rd1 {[%clk
00:29:13]} {[%emt 00:03:02]} h5 {[%clk 00:43:12]} {[%emt 00:00:27]} 32. c4+
{[%clk 00:28:54]} {[%emt 00:00:24]} Kd4 {[%clk 00:42:50]} {[%emt 00:00:26]} 33.
h3 {[%clk 00:26:59]} {[%emt 00:02:00]} c5 {[%clk 00:42:33]} {[%emt 00:00:23]}
34. a3 {[%clk 00:26:04]} {[%emt 00:01:00]} a5 {[%clk 00:42:09]} {[%emt
00:00:29]} 35. Rd2 {[%clk 00:25:27]} {[%emt 00:00:42]} Ke3 {[%clk 00:41:53]}
{[%emt 00:00:21]} 36. Rd1 {[%clk 00:23:06]} {[%emt 00:02:26]} Ke2 {[%clk
00:41:47]} {[%emt 00:00:11]} 37. Rg1 {[%clk 00:22:49]} {[%emt 00:00:22]} Kxd3
{[%clk 00:41:18]} {[%emt 00:00:33]} 38. Rd1+ {[%clk 00:22:09]} {[%emt
00:00:45]} Kxc4 {[%clk 00:40:46]} {[%emt 00:00:38]} 39. Rd7 {[%clk 00:21:12]}
{[%emt 00:01:02]} b5 {[%clk 00:40:36]} {[%emt 00:00:15]} 40. Re7 {[%clk
00:20:48]} {[%emt 00:00:27]} e4 {[%clk 00:40:22]} {[%emt 00:00:20]} 41. Rg7
{[%clk 00:20:13]} {[%emt 00:00:40]} Rf3+ {[%clk 00:39:56]} {[%emt 00:00:32]}
42. Kg2 {[%clk 00:20:07]} {[%emt 00:00:10]} Rf5 {[%clk 00:39:37]} {[%emt
00:00:25]} 43. Re7 {[%clk 00:19:34]} {[%emt 00:00:38]} Rf4 {[%clk 00:39:31]}
{[%emt 00:00:11]} 44. Rd7 {[%emt 00:00:52]} e3 {[%clk 00:39:12]} {[%emt
00:00:11]} 45. Rd1 {[%clk 00:19:02]} {[%emt 00:00:10]} h4 {[%clk 00:38:54]}
{[%emt 00:00:26]} 46. Kg1 {[%clk 00:16:25]} {[%emt 00:02:42]} e2 {[%clk
00:38:42]} {[%emt 00:00:17]} 47. Re1 {[%clk 00:15:51]} {[%emt 00:00:39]} Kd3
{[%clk 00:38:38]} {[%emt 00:00:09]} 48. Rc1 {[%clk 00:10:12]} {[%emt 00:05:43]}
c4 {[%clk 00:38:31]} {[%emt 00:00:12]} 49. Kg2 {[%clk 00:07:27]} {[%emt
00:02:50]} Kd2 {[%clk 00:38:18]} {[%emt 00:00:19]} 50. Rh1 {[%clk 00:06:53]}
{[%emt 00:00:38]} e1=Q {[%clk 00:37:56]} {[%emt 00:00:27]} 51. Rxe1 {[%clk
00:06:45]} {[%emt 00:00:14]} Kxe1 {[%clk 00:37:52]} {[%emt 00:00:09]} 52. Kh1
{[%clk 00:06:00]} {[%emt 00:00:50]} b4 {[%clk 00:37:44]} {[%emt 00:00:14]} 53.
axb4 {[%clk 00:05:50]} {[%emt 00:00:14]} axb4 {[%clk 00:37:21]} {[%emt
00:00:29]} 54. Kg2 {[%clk 00:05:40]} {[%emt 00:00:14]} c3 {[%clk 00:37:11]}
{[%emt 00:00:15]} 55. bxc3 {[%clk 00:05:29]} {[%emt 00:00:16]} bxc3 {[%clk
00:37:09]} {[%emt 00:00:07]} 56. Kh2 {[%clk 00:05:26]} {[%emt 00:00:08]} c2
{[%clk 00:37:07]} {[%emt 00:00:07]} 57. Kg2 {[%clk 00:04:44]} {[%emt 00:00:47]}
c1=Q {[%emt 00:00:16]} 58. Kh2 {[%clk 00:04:35]} {[%emt 00:00:10]} Qd2+ {[%clk
00:36:48]} {[%emt 00:00:18]} 59. Kh1 {[%clk 00:04:32]} {[%emt 00:00:07]} Rf1
{[%clk 00:36:43]} {[%emt 00:00:09]} 0-1

[Event "DVM U10 2023"]
[Site "Magdeburg GER"]
[Date "2023.12.29"]
[Round "6"]
[White "Tang, Eric Shunxin"]
[Black "Müller, Theo"]
[Result "0-1"]
[Termination "normal"]
[Board "3.4"]
[WhiteElo "1054"]
[BlackElo "1019"]
[WhiteClock "00:39:52"]
[BlackClock "00:27:33"]
[WhiteTeam "Karlsruher SF 1853"]
[BlackTeam "SF Heidelberg"]
[PlyCount "66"]
[WhiteFideId "34694676"]
[EventCountry "GER"]
[EventRounds "7"]
[EventType "team-swiss"]
[EventDate "2023.12.27"]

1. e4 {[%clk 00:55:09]} e5 {[%clk 00:55:04]} {[%emt 00:00:06]} 2. Nf3 {[%clk
00:55:12]} {[%emt 00:00:02]} Nc6 {[%clk 00:54:54]} {[%emt 00:00:15]} 3. Bc4
{[%clk 00:55:11]} {[%emt 00:00:06]} h6 {[%clk 00:53:24]} {[%emt 00:01:35]} 4.
d3 {[%clk 00:54:47]} {[%emt 00:00:29]} Nf6 {[%clk 00:53:14]} {[%emt 00:00:15]}
5. Be3 {[%clk 00:54:31]} {[%emt 00:00:21]} d6 {[%clk 00:53:06]} {[%emt
00:00:13]} 6. Nc3 {[%clk 00:54:19]} {[%emt 00:00:18]} Bg4 {[%clk 00:52:40]}
{[%emt 00:00:30]} 7. O-O {[%clk 00:54:14]} {[%emt 00:00:09]} Be7 {[%clk
00:52:34]} {[%emt 00:00:13]} 8. h3 {[%clk 00:53:37]} {[%emt 00:00:41]} Bh5
{[%clk 00:52:27]} {[%emt 00:00:12]} 9. Nd5 {[%clk 00:53:21]} {[%emt 00:00:22]}
O-O {[%clk 00:50:56]} {[%emt 00:01:35]} 10. Nxe7+ {[%clk 00:51:42]} {[%emt
00:01:44]} Nxe7 {[%clk 00:50:40]} {[%emt 00:00:21]} 11. g4 {[%clk 00:50:34]}
{[%emt 00:01:13]} Nxg4 {[%clk 00:48:50]} {[%emt 00:01:56]} 12. hxg4 {[%clk
00:50:31]} {[%emt 00:00:07]} Bxg4 {[%clk 00:48:40]} {[%emt 00:00:15]} 13. d4
{[%clk 00:50:09]} {[%emt 00:00:27]} exd4 {[%clk 00:48:02]} {[%emt 00:00:44]}
14. Bxd4 {[%clk 00:50:10]} {[%emt 00:00:04]} Nc6 {[%clk 00:47:23]} {[%emt
00:00:43]} 15. Be2 {[%clk 00:49:23]} {[%emt 00:00:53]} Bxf3 {[%clk 00:45:41]}
{[%emt 00:01:46]} 16. Bxf3 {[%clk 00:49:21]} {[%emt 00:00:06]} Nxd4 {[%clk
00:44:39]} {[%emt 00:01:08]} 17. Qxd4 {[%clk 00:49:20]} {[%emt 00:00:05]} Qg5+
{[%clk 00:43:19]} {[%emt 00:01:26]} 18. Bg2 {[%clk 00:49:06]} {[%emt 00:00:19]}
Rfd8 {[%clk 00:42:41]} {[%emt 00:00:43]} 19. f4 {[%clk 00:48:16]} {[%emt
00:00:55]} Qe7 {[%clk 00:40:14]} {[%emt 00:02:32]} 20. Bh3 {[%clk 00:47:19]}
{[%emt 00:01:02]} c5 {[%clk 00:39:35]} {[%emt 00:00:44]} 21. Qd5 {[%clk
00:47:04]} {[%emt 00:00:20]} b6 {[%emt 00:01:49]} 22. Bg2 {[%clk 00:46:29]}
{[%emt 00:00:03]} a6 {[%clk 00:37:02]} {[%emt 00:01:32]} 23. e5 {[%clk
00:46:25]} {[%emt 00:00:08]} dxe5 {[%clk 00:35:42]} {[%emt 00:01:25]} 24. Qxa8
{[%clk 00:46:17]} {[%emt 00:00:13]} Rxa8 {[%clk 00:35:20]} {[%emt 00:00:27]}
25. Bxa8 {[%clk 00:46:18]} {[%emt 00:00:04]} exf4 {[%clk 00:34:58]} {[%emt
00:00:27]} 26. Bg2 {[%clk 00:46:09]} {[%emt 00:00:14]} Qh4 {[%clk 00:33:31]}
{[%emt 00:01:33]} 27. Rae1 {[%clk 00:45:24]} {[%emt 00:00:49]} Qg3 {[%clk
00:32:36]} {[%emt 00:01:00]} 28. Rf3 {[%clk 00:44:58]} {[%emt 00:00:32]} Qxe1+
{[%clk 00:31:40]} {[%emt 00:01:00]} 29. Bf1 {[%clk 00:43:35]} {[%emt 00:01:27]}
Qe4 {[%clk 00:30:19]} {[%emt 00:01:27]} 30. Rf2 {[%clk 00:43:11]} {[%emt
00:00:30]} f3 {[%clk 00:29:33]} {[%emt 00:00:50]} 31. Bd3 {[%clk 00:42:14]}
{[%emt 00:01:02]} Qe1+ {[%clk 00:28:35]} {[%emt 00:01:03]} 32. Rf1 {[%clk
00:40:39]} {[%emt 00:01:40]} Qg3+ {[%clk 00:27:33]} {[%emt 00:01:07]} 33. Kh1
{[%clk 00:39:52]} {[%emt 00:00:52]} Qg2# {[%emt 00:00:54]} 0-1

[Event "DVM U10 2023"]
[Site "Magdeburg GER"]
[Date "2023.12.29"]
[Round "6"]
[White "Fadeev, Justin Michael"]
[Black "Zussner, Tim"]
[Result "1-0"]
[Termination "normal"]
[Board "4.1"]
[WhiteElo "1484"]
[BlackElo "1275"]
[WhiteClock "00:04:57"]
[BlackClock "00:05:39"]
[WhiteTeam "Barnimer SF im SV Stahl Finow"]
[BlackTeam "SV Empor Berlin"]
[PlyCount "107"]
[WhiteFideId "34602968"]
[BlackFideId "34642765"]
[EventCountry "GER"]
[EventRounds "7"]
[EventType "team-swiss"]
[EventDate "2023.12.27"]

1. e4 {[%clk 00:55:07]} {[%emt 00:00:02]} c5 {[%clk 00:55:07]} {[%emt
00:00:04]} 2. Nf3 {[%clk 00:55:03]} {[%emt 00:00:09]} e6 {[%clk 00:55:04]}
{[%emt 00:00:07]} 3. d4 {[%clk 00:55:04]} {[%emt 00:00:05]} cxd4 {[%clk
00:55:05]} {[%emt 00:00:04]} 4. Nxd4 {[%clk 00:55:03]} {[%emt 00:00:06]} Nc6
{[%clk 00:55:08]} {[%emt 00:00:02]} 5. Be3 {[%clk 00:44:34]} {[%emt 00:10:35]}
Nf6 {[%clk 00:55:05]} {[%emt 00:00:07]} 6. Nd2 {[%clk 00:43:39]} {[%emt
00:01:00]} d5 {[%clk 00:54:04]} {[%emt 00:01:06]} 7. Bb5 {[%clk 00:42:42]}
{[%emt 00:01:03]} Qc7 {[%clk 00:48:50]} {[%emt 00:05:18]} 8. e5 {[%clk
00:41:11]} {[%emt 00:01:36]} Nd7 {[%clk 00:47:51]} {[%emt 00:01:04]} 9. f4
{[%clk 00:40:53]} {[%emt 00:00:23]} Bc5 {[%clk 00:41:45]} {[%emt 00:06:11]} 10.
N2b3 {[%clk 00:32:46]} {[%emt 00:08:13]} Nxd4 {[%clk 00:37:23]} {[%emt
00:04:27]} 11. Bxd7+ {[%clk 00:32:02]} {[%emt 00:00:49]} Bxd7 {[%clk 00:36:41]}
{[%emt 00:00:46]} 12. Bxd4 {[%clk 00:28:40]} {[%emt 00:03:27]} Bb6 {[%clk
00:34:28]} {[%emt 00:02:18]} 13. O-O {[%clk 00:28:05]} {[%emt 00:00:39]} O-O
{[%clk 00:33:10]} {[%emt 00:01:23]} 14. Rb1 {[%clk 00:25:53]} {[%emt 00:02:18]}
Rac8 {[%clk 00:30:41]} {[%emt 00:02:34]} 15. Bxb6 {[%clk 00:25:19]} {[%emt
00:00:39]} Qxb6+ {[%clk 00:29:35]} {[%emt 00:01:11]} 16. Nd4 {[%clk 00:25:19]}
{[%emt 00:00:05]} a6 {[%clk 00:23:35]} {[%emt 00:06:05]} 17. c3 {[%clk
00:24:28]} {[%emt 00:00:56]} Qd8 {[%clk 00:21:29]} {[%emt 00:02:11]} 18. Qh5
{[%clk 00:23:25]} {[%emt 00:01:08]} f5 {[%clk 00:17:57]} {[%emt 00:03:37]} 19.
Qe2 {[%clk 00:21:08]} {[%emt 00:02:22]} Qe8 {[%clk 00:16:55]} {[%emt 00:01:07]}
20. Rf3 {[%clk 00:20:59]} {[%emt 00:00:14]} Qh5 {[%clk 00:16:04]} {[%emt
00:00:56]} 21. Qf2 {[%clk 00:20:31]} {[%emt 00:00:34]} Rce8 {[%clk 00:13:51]}
{[%emt 00:02:17]} 22. Rh3 {[%clk 00:19:04]} {[%emt 00:01:31]} Qg6 {[%clk
00:13:35]} {[%emt 00:00:22]} 23. Rg3 {[%clk 00:18:37]} {[%emt 00:00:33]} Qf7
{[%clk 00:13:01]} {[%emt 00:00:38]} 24. Re1 {[%clk 00:18:05]} {[%emt 00:00:37]}
Re7 {[%clk 00:11:47]} {[%emt 00:01:19]} 25. Rh3 {[%clk 00:16:58]} {[%emt
00:01:11]} h5 {[%clk 00:10:39]} {[%emt 00:01:13]} 26. Qh4 {[%clk 00:16:49]}
{[%emt 00:00:15]} g6 {[%clk 00:10:38]} {[%emt 00:00:06]} 27. Ree3 {[%clk
00:15:22]} {[%emt 00:01:32]} Kg7 {[%clk 00:09:39]} {[%emt 00:01:04]} 28. Reg3
{[%clk 00:14:46]} {[%emt 00:00:41]} Kh7 {[%emt 00:00:32]} 29. Rg5 {[%clk
00:14:22]} {[%emt 00:00:28]} Rg8 {[%clk 00:08:56]} {[%emt 00:00:22]} 30. Nf3
{[%clk 00:12:04]} {[%emt 00:02:24]} Be8 {[%clk 00:08:33]} {[%emt 00:00:27]} 31.
Qg3 {[%clk 00:10:24]} {[%emt 00:01:45]} Rg7 {[%clk 00:07:45]} {[%emt 00:00:54]}
32. Qh4 {[%clk 00:08:09]} {[%emt 00:02:20]} Rg8 {[%clk 00:07:37]} {[%emt
00:00:12]} 33. Rxg6 {[%clk 00:06:37]} {[%emt 00:01:37]} Qxg6 {[%clk 00:07:33]}
{[%emt 00:00:10]} 34. Qxe7+ {[%clk 00:06:37]} {[%emt 00:00:05]} Bf7 {[%clk
00:07:18]} {[%emt 00:00:19]} 35. Ng5+ {[%clk 00:06:15]} {[%emt 00:00:27]} Kg7
{[%clk 00:07:02]} {[%emt 00:00:20]} 36. Rg3 {[%clk 00:05:45]} {[%emt 00:00:37]}
Re8 {[%clk 00:06:31]} {[%emt 00:00:35]} 37. Nxe6+ {[%clk 00:05:10]} {[%emt
00:00:40]} Kh7 {[%clk 00:06:19]} {[%emt 00:00:17]} 38. Qxe8 {[%clk 00:04:32]}
{[%emt 00:00:44]} Bxe8 {[%clk 00:06:09]} {[%emt 00:00:15]} 39. Nf8+ {[%clk
00:04:31]} {[%emt 00:00:06]} Kg7 {[%clk 00:06:06]} {[%emt 00:00:07]} 40. Nxg6
{[%clk 00:04:32]} {[%emt 00:00:04]} Bxg6 {[%clk 00:05:57]} {[%emt 00:00:14]}
41. Rxg6+ {[%emt 00:00:06]} Kxg6 {[%clk 00:05:54]} {[%emt 00:00:07]} 42. Kf2
{[%clk 00:04:34]} {[%emt 00:00:04]} Kf7 {[%clk 00:05:47]} {[%emt 00:00:12]} 43.
Kg3 {[%clk 00:04:38]} {[%emt 00:00:01]} Kg6 {[%emt 00:00:11]} 44. Kh4 Kh6
{[%clk 00:05:38]} {[%emt 00:00:06]} 45. e6 {[%clk 00:04:36]} {[%emt 00:00:12]}
Kg7 {[%clk 00:05:40]} {[%emt 00:00:03]} 46. Kg5 {[%clk 00:04:41]} {[%emt
00:00:01]} Kf8 {[%clk 00:05:35]} {[%emt 00:00:09]} 47. Kxf5 {[%clk 00:04:40]}
{[%emt 00:00:05]} Ke7 {[%clk 00:05:38]} {[%emt 00:00:02]} 48. Ke5 {[%clk
00:04:43]} {[%emt 00:00:02]} Kf8 {[%clk 00:05:38]} {[%emt 00:00:06]} 49. f5
{[%clk 00:04:45]} {[%emt 00:00:04]} Ke7 {[%clk 00:05:40]} {[%emt 00:00:03]} 50.
f6+ {[%clk 00:04:49]} {[%emt 00:00:01]} Ke8 {[%clk 00:05:39]} {[%emt 00:00:05]}
51. e7 {[%clk 00:04:50]} {[%emt 00:00:04]} Kf7 {[%clk 00:05:39]} {[%emt
00:00:05]} 52. Kd6 {[%clk 00:04:53]} {[%emt 00:00:02]} Ke8 {[%clk 00:05:40]}
{[%emt 00:00:05]} 53. Ke6 {[%clk 00:04:57]} b5 {[%clk 00:05:39]} {[%emt
00:00:07]} 54. f7# 1-0

[Event "DVM U10 2023"]
[Site "Magdeburg GER"]
[Date "2023.12.29"]
[Round "6"]
[White "Bashirova, Sona"]
[Black "Schmidt, Jossip"]
[Result "1-0"]
[Termination "normal"]
[Board "4.2"]
[WhiteElo "1317"]
[BlackElo "1330"]
[WhiteClock "00:07:31"]
[BlackClock "00:20:55"]
[WhiteTeam "SV Empor Berlin"]
[BlackTeam "Barnimer SF im SV Stahl Finow"]
[PlyCount "57"]
[WhiteFideId "34664033"]
[BlackFideId "34621148"]
[EventCountry "GER"]
[EventRounds "7"]
[EventType "team-swiss"]
[EventDate "2023.12.27"]

1. e4 {[%clk 00:55:09]} {[%emt 00:00:01]} d5 {[%clk 00:54:56]} {[%emt
00:00:14]} 2. exd5 {[%clk 00:55:05]} {[%emt 00:00:08]} Qxd5 {[%clk 00:54:55]}
{[%emt 00:00:07]} 3. Nf3 {[%clk 00:55:04]} {[%emt 00:00:07]} Bf5 {[%clk
00:54:37]} {[%emt 00:00:22]} 4. Be2 {[%clk 00:54:46]} {[%emt 00:00:23]} Nf6
{[%clk 00:53:50]} {[%emt 00:00:52]} 5. Nc3 {[%clk 00:54:20]} Qd6 {[%clk
00:53:46]} {[%emt 00:00:41]} 6. d3 {[%clk 00:53:01]} {[%emt 00:01:22]} a6
{[%emt 00:01:57]} 7. a4 {[%emt 00:00:43]} e6 {[%emt 00:01:14]} 8. O-O {[%clk
00:49:48]} {[%emt 00:02:18]} Be7 {[%clk 00:48:29]} {[%emt 00:02:44]} 9. b3
{[%clk 00:49:07]} {[%emt 00:00:45]} O-O {[%clk 00:46:11]} {[%emt 00:02:23]} 10.
Bb2 {[%clk 00:46:09]} {[%emt 00:02:55]} Nc6 {[%clk 00:43:54]} {[%emt 00:02:31]}
11. Re1 {[%clk 00:41:07]} {[%emt 00:05:03]} Rfe8 {[%clk 00:41:13]} {[%emt
00:02:50]} 12. Qd2 {[%clk 00:39:41]} {[%emt 00:01:30]} Rad8 {[%clk 00:39:15]}
{[%emt 00:02:03]} 13. Rad1 {[%clk 00:38:51]} {[%emt 00:00:56]} Nd5 {[%clk
00:38:38]} {[%emt 00:00:42]} 14. Ne4 {[%clk 00:31:49]} {[%emt 00:07:01]} Bxe4
{[%clk 00:36:43]} {[%emt 00:02:06]} 15. dxe4 {[%clk 00:31:45]} {[%emt
00:00:09]} Nf4 {[%clk 00:36:07]} {[%emt 00:00:41]} 16. Qe3 {[%clk 00:27:57]}
{[%emt 00:03:38]} Nxe2+ {[%clk 00:35:13]} {[%emt 00:01:13]} 17. Qxe2 {[%clk
00:27:50]} {[%emt 00:00:12]} Qb4 {[%clk 00:33:50]} {[%emt 00:01:28]} 18. h3
{[%clk 00:25:35]} {[%emt 00:02:21]} Bc5 {[%clk 00:32:12]} {[%emt 00:01:43]} 19.
Kh1 {[%clk 00:21:58]} {[%emt 00:03:41]} Qb6 {[%clk 00:30:12]} {[%emt 00:02:06]}
20. Rxd8 {[%clk 00:19:18]} {[%emt 00:02:45]} Rxd8 {[%emt 00:00:19]} 21. Rf1
{[%emt 00:00:12]} Nb4 {[%clk 00:28:04]} {[%emt 00:01:42]} 22. Kg1 {[%clk
00:13:48]} {[%emt 00:05:35]} Be7 {[%clk 00:26:52]} {[%emt 00:01:17]} 23. Rd1
{[%clk 00:12:41]} {[%emt 00:01:00]} Rxd1+ {[%clk 00:26:15]} {[%emt 00:00:54]}
24. Qxd1 {[%clk 00:12:39]} {[%emt 00:00:07]} c6 {[%clk 00:24:44]} {[%emt
00:01:36]} 25. Qd7 {[%clk 00:11:19]} {[%emt 00:01:22]} Bf8 {[%clk 00:22:46]}
{[%emt 00:02:05]} 26. Ng5 {[%clk 00:09:11]} {[%emt 00:02:11]} Qc5 {[%clk
00:21:38]} {[%emt 00:01:16]} 27. Qxf7+ {[%clk 00:08:29]} {[%emt 00:00:46]} Kh8
{[%clk 00:21:37]} {[%emt 00:00:07]} 28. Nxe6 {[%clk 00:08:04]} {[%emt
00:00:30]} Qd6 {[%clk 00:20:55]} {[%emt 00:00:46]} 29. Bxg7+ {[%clk 00:07:31]}
{[%emt 00:00:38]} 1-0